America in the Pacific ; a century of expansion.

Bibliographic Details
Main Author: Dulles, Foster Rhea, 1900-1970
Format: Book
Language:English
Published: New York : Da Capo Press, 1969.
Edition:2d ed.
Series:American scene, comments and commentators.
Subjects:

MARC

Tag First Indicator Second Indicator Subfields
LEADER 00000cam a2200000 4500
001 in00000264513
005 20151010054204.0
008 730403r19691938nyu b 00000 eng d
035 |a (OCoLC)00381152 
035 |9 ABC7056AM 
040 |a DLC  |c DLC  |d TXA  |d UtOrBLW 
043 |a n-us---  |a p------ 
049 |a TXAM  |c [1025778] 
050 0 0 |a F970  |b .D94 1969 
082 0 |a 973 
100 1 |a Dulles, Foster Rhea,  |d 1900-1970. 
245 1 0 |a America in the Pacific ;  |b a century of expansion. 
250 |a 2d ed. 
264 1 |a New York :  |b Da Capo Press,  |c 1969. 
300 |a xiv, 299 pages ;  |c 24 cm. 
336 |a text  |b txt  |2 rdacontent 
337 |a unmediated  |b n  |2 rdamedia 
338 |a volume  |b nc  |2 rdacarrier 
490 1 |a The American scene, comments and commentators 
500 |a Reprint of 1938 edition. 
504 |a "Bibliographical notes": pages [265]-291. 
651 0 |a United States  |x Territorial expansion. 
651 0 |a United States  |x Insular possessions. 
651 0 |a United States  |x Foreign relations. 
651 0 |a Pacific Ocean. 
651 0 |a United States  |x Colonial question. 
830 0 |a American scene, comments and commentators. 
999 |a MARS 
999 f f |s 33ff52ee-c09f-35ab-8c8c-705420233984  |i 7a9787cd-7d5e-3240-a4a6-82de2de3255c  |t 0 
952 f f |p ric  |a Texas A&M University  |b Rellis Campus  |c Joint Library Facility  |d Remote Storage  |t 0  |e F970 .D94 1969  |h Library of Congress classification  |i unmediated -- volume  |m A14802327471 
998 f f |a F970 .D94 1969  |t 0  |l Remote Storage